Educación y protección de menores en riesgo: un enfoque comunitario
Gorde:
| Egile Nagusiak: | , , , |
|---|---|
| Formatua: | Liburua |
| Hizkuntza: | gaztelania |
| Argitaratua: |
Barcelona
Graó
2009
|
| Edizioa: | 1a. ed |
| Saila: | Crítica y Fundamentos, 25
|
| Gaiak: | |
| Etiketak: |
Etiketa erantsi
Etiketarik gabe, Izan zaitez lehena erregistro honi etiketa jartzen!
|
MARC
| LEADER | 00000nam a2200000 a 4500 | ||
|---|---|---|---|
| 001 | UCG0776 | ||
| 003 | CL-VaPUC | ||
| 008 | 100408e20090000SP |||||||||||||||||spa|d | ||
| 020 | |a 9788478277131 | ||
| 082 | 0 | 4 | |a 362.7 |b VEL |2 21 |
| 100 | 0 | |a Vélaz de Medrano, Consuelo |e author |9 548316 | |
| 700 | 0 | |a Alonso, Carlos |e author |9 548317 | |
| 700 | 0 | |a Díez, Manuel |e author |9 548318 | |
| 700 | 0 | |a Ferrandis, Antonio |e author |9 548319 | |
| 245 | 1 | 0 | |a Educación y protección de menores en riesgo: un enfoque comunitario |
| 250 | |a 1a. ed | ||
| 300 | |a 294 p | ||
| 942 | |c BK | ||
| 945 | |d 20100408 00:00:00 |a rbrito | ||
| 260 | |a Barcelona |b Graó |c 2009 | ||
| 650 | 7 | |a NIÑOS SOCIALMENTE DESFAVORECIDO |2 CL-VaPUC |9 548320 | |
| 650 | 7 | |a DESFAVORECIDOS SOCIALES |2 CL-VaPUC |9 321791 | |
| 650 | 0 | |a Trabajo social |9 307856 | |
| 583 | |a last modification |c 20130328 11:03:15 |k Rodrigo Vera | ||
| 490 | 0 | |a Crítica y Fundamentos, 25 | |
| 999 | |c 340300 |d 340298 | ||
| 952 | |0 0 |1 0 |4 0 |6 362_700000000000000_VEL_2009 |7 0 |8 A |9 434888 |a BIBGIM |b BIBGIM |d 2019-11-22 |i 4659066 |o 362.7 VEL 2009 |p 4659066 |r 2025-01-15 |w 2019-11-22 |y BK |k SSL | ||
| 952 | |0 0 |1 0 |4 0 |6 362_700000000000000_VEL_2009 |7 0 |8 A |9 434889 |a BIBEDU |b BIBEDU |d 2019-11-22 |i 4666275 |o 362.7 VEL 2009 |p 4666275 |r 2019-11-22 |w 2019-11-22 |y BK |k PSI | ||